Thế giới những sự kiện lịch sử thế kỷ XX (1946-2000)
Giới thiệu những sự kiện kịch sử thế giới xảy ra từ năm 1946-2000 trong thế kỷ 20
Guardat en:
| Altres autors: | , , , , |
|---|---|
| Format: | Llibre |
| Idioma: | Vietnamese |
| Publicat: |
H.
Giáo dục
2003
|
| Edició: | Tái bản lần thứ 2 |
| Matèries: | |
| Etiquetes: |
Afegir etiqueta
Sense etiquetes, Sigues el primer a etiquetar aquest registre!
|
| Thư viện lưu trữ: | Mạng thư viện Đại học Đà Nẵng |
|---|
| LEADER | 01580nam a2200421 4500 | ||
|---|---|---|---|
| 001 | 000009828 | ||
| 003 | 6026 | ||
| 005 | 20111103101138.0 | ||
| 008 | 111103s2003 viesd | ||
| 020 | |c 37400đ | ||
| 041 | 0 | |a vie | |
| 082 | |a 909 |b Thê | ||
| 245 | 0 | |a Thế giới những sự kiện lịch sử thế kỷ XX (1946-2000) |c B.s: Lê Trung Dũng, Nguyễn Ngọc Mão (đồng ch.b), Ngô Phương Bá.. | |
| 250 | |a Tái bản lần thứ 2 | ||
| 260 | |a H. |b Giáo dục |c 2003 | ||
| 300 | |a 427 tr |c 24 cm | ||
| 500 | |a ĐTTS ghi: Trung tâm KHXH và NV Quốc gia. Viện sử học | ||
| 504 | |a Phụ lục ảnh cuối sách | ||
| 520 | |a Giới thiệu những sự kiện kịch sử thế giới xảy ra từ năm 1946-2000 trong thế kỷ 20 | ||
| 653 | |a Lịch sử hiện đại | ||
| 653 | |a Sự kiện lịch sử | ||
| 653 | |a Thế giới | ||
| 700 | |a Lê Trung Dũng |e b.s | ||
| 700 | |a Nguyễn Hồng Vân |e b.s | ||
| 700 | |a Nguyễn Ngọc Mão |e ch.b | ||
| 700 | |a Ngô Phương Bá |e b.s | ||
| 700 | |a Võ Kim Cương- |e b.s | ||
| 910 | |a Nguyễn Thị Kim Oanh |d 3/11/2011 | ||
| OWN | |a LSP | ||
| AVA | |a UDN50 |b LSP |d 909 Thê |e available |t Error 5001 Not defined in file expand_doc_bib_avail. |f 8 |g 0 |h N |i 0 |k 1 | ||
| 999 | |a From the UDN01 | ||
| AVA | |a UDN50 |b LSP |d 909 Thê |e available |t Error 5001 Not defined in file expand_doc_bib_avail. |f 8 |g 0 |h N |i 0 |k 1 | ||
| TYP | |a Monograph | ||
| TYP | |a Printed language | ||
| 980 | |a Mạng thư viện Đại học Đà Nẵng | ||